[Event "Junior Online 4NCL Division 4"]
[Site "online"]
[Date "2020.08.20"]
[Round "1.58"]
[White "Khoo, Cheng Fong Winston"]
[Black "Ranpura, Kirin"]
[Result "1-0"]
[WhiteElo "1090"]
[BlackElo "1382"]
[PlyCount "97"]
[EventDate "2020.08.20"]
[WhiteTeam "Barnet Knights D"]
[BlackTeam "Somerset Lions"]

1. d4 e6 2. c4 d5 3. cxd5 exd5 4. Nc3 c6 5. Nf3 Bd6 6. Bd2 Ne7 7. e3 Bf5 8. Ne2
Nd7 9. Bc3 O-O 10. Ng3 Bg6 11. Nh4 Nf6 12. Nxg6 Nxg6 13. Bd3 Re8 14. Nh5 Ne4
15. Rc1 Rc8 16. a3 Qg5 17. Ng3 a6 18. Nxe4 dxe4 19. Bxe4 Rxe4 20. Qf3 Ree8 21.
O-O Nh4 22. Qh3 Rcd8 23. g3 Ng6 24. Rfe1 h5 25. Ba5 Rb8 26. Rc3 h4 27. f4 Qf6
28. gxh4 Nxh4 29. Kh1 Ng6 30. Rg1 Re6 31. Rc2 Rbe8 32. f5 Rxe3 33. Qf1 Re1 34.
Qxe1 Rxe1 35. Rxe1 Qxf5 36. Rcc1 Qf3+ 37. Kg1 Qg4+ 38. Kf2 Qh4+ 39. Ke3 Bf4+
40. Kd3 Qh3+ 41. Ke2 Qxh2+ 42. Kd1 Qd2+ 43. Bxd2 Bxd2 44. Kxd2 Nf4 45. Rh1 Kf8
46. Rh8+ Ke7 47. Rh7 Ne6 48. Rc4 b5 49. Rxc6 1-0

[Event "Junior Online 4NCL Division 4"]
[Site "online"]
[Date "2020.08.20"]
[Round "1.61"]
[White "Kumar, Soham"]
[Black "Li, Sophia"]
[Result "1-0"]
[WhiteElo "1802"]
[BlackElo "1270"]
[PlyCount "65"]
[EventDate "2020.08.20"]
[WhiteTeam "Maidenhead Juniors 1"]
[BlackTeam "Wimbledon Juniors"]

1. e4 e5 2. Nf3 Nc6 3. Bb5 a6 4. Ba4 Nf6 5. O-O b5 6. Bb3 Bc5 7. c3 O-O 8. d4
exd4 9. cxd4 Bb6 10. Bg5 h6 11. Bxf6 Qxf6 12. e5 Qg6 13. Nc3 Re8 14. Re1 Bb7
15. Bc2 Qg4 16. Re4 Qg6 17. Rf4 Qe6 18. Bb3 Qe7 19. Rxf7 Qd8 20. Rxd7+ Kh8 21.
Rxd8 Raxd8 22. Bd5 Na5 23. Bxb7 Nxb7 24. Ne4 c6 25. Rc1 Re6 26. Qb3 Rde8 27.
Nfg5 Rg6 28. Qf7 hxg5 29. Qxe8+ Kh7 30. Rxc6 Bxd4 31. Qxg6+ Kg8 32. Rc8+ Nd8
33. Rxd8# 1-0

[Event "Junior Online 4NCL Division 4"]
[Site "online"]
[Date "2020.08.20"]
[Round "1.62"]
[White "Shan-Muhammad, Rohan"]
[Black "Nallaperumal, Kasi Veshagan"]
[Result "0-1"]
[WhiteElo "1075"]
[BlackElo "1397"]
[PlyCount "66"]
[EventDate "2020.08.20"]
[WhiteTeam "Wimbledon Juniors"]
[BlackTeam "Maidenhead Juniors 1"]

1. e4 c5 2. Nf3 d6 3. d4 cxd4 4. c3 d3 5. Qxd3 Nf6 6. c4 Nbd7 7. Nc3 a6 8. Be3
b6 9. O-O-O Bb7 10. Bg5 Nc5 11. Qe2 Ncxe4 12. Nxe4 Nxe4 13. Rd3 Nxg5 14. Nxg5
Rc8 15. Rf3 Bxf3 16. Qxf3 f6 17. Ne6 Qd7 18. Nxf8 Rxf8 19. Qg4 Qxg4 20. f3 Qf4+
21. Kb1 b5 22. Kc2 bxc4 23. Kc3 Qe3+ 24. Kb4 Qc5+ 25. Kc3 Rf7 26. b3 cxb3+ 27.
Kxb3 Qb6+ 28. Ka4 Rc2 29. Ka3 Qb2+ 30. Ka4 e6 31. Bxa6 Qxa2+ 32. Kb5 Rb2+ 33.
Kc6 Qxa6# 0-1

[Event "Junior Online 4NCL Division 4"]
[Site "online"]
[Date "2020.08.20"]
[Round "1.63"]
[White "Maheshwaran, Arya"]
[Black "Doorduin, Lara"]
[Result "1-0"]
[WhiteElo "1300"]
[BlackElo "1075"]
[PlyCount "35"]
[EventDate "2020.08.20"]
[WhiteTeam "Maidenhead Juniors 1"]
[BlackTeam "Wimbledon Juniors"]

1. e4 e5 2. Nf3 Nc6 3. d4 exd4 4. Nxd4 Bc5 5. Nxc6 dxc6 6. Qxd8+ Kxd8 7. Bc4
Nf6 8. Nc3 Bg4 9. f3 Bh5 10. Bd2 Bg6 11. O-O-O Re8 12. Be3+ Kc8 13. Bxc5 Nxe4
14. fxe4 Bxe4 15. Nxe4 Rxe4 16. Bd3 Ra4 17. Bf5+ Kb8 18. Rd8# 1-0

[Event "Junior Online 4NCL Division 4"]
[Site "online"]
[Date "2020.08.20"]
[Round "1.64"]
[White "Kou, Victor"]
[Black "Chen, William"]
[Result "0-1"]
[WhiteElo "925"]
[BlackElo "1270"]
[PlyCount "176"]
[EventDate "2020.08.20"]
[WhiteTeam "Wimbledon Juniors"]
[BlackTeam "Maidenhead Juniors 1"]

1. d4 e5 2. dxe5 Nc6 3. Nf3 Qe7 4. Nc3 Nxe5 5. Nxe5 Qxe5 6. e4 Nf6 7. Bd3 d5 8.
f3 Bc5 9. Bd2 O-O 10. Qe2 a5 11. O-O-O a4 12. exd5 Qd6 13. Nb5 Qxd5 14. a3 Qa2
15. Nc3 Qa1+ 16. Nb1 Be6 17. Bc4 Bd4 18. c3 Bf5 19. Bd3 Rfe8 20. Qf1 Bxd3 21.
Qxd3 Bb6 22. Bg5 Rad8 23. Qc2 Rxd1+ 24. Qxd1 Be3+ 25. Bxe3 Rxe3 26. Re1 Rxe1
27. Qxe1 h6 28. Qe2 Qa2 29. Qb5 Qe6 30. Qxb7 Qe1+ 31. Kc2 Qe2+ 32. Nd2 Qxg2 33.
Qxc7 Qg6+ 34. Kd1 Qg2 35. Qg3 Qh1+ 36. Ke2 Qc1 37. Nc4 Qc2+ 38. Kf1 Qd3+ 39.
Kg2 Qxc4 40. Qb8+ Kh7 41. Kg3 Nh5+ 42. Kh3 Qe6+ 43. Kh4 Nf6 44. Qb5 g5+ 45. Kg3
Nh5+ 46. Kf2 Qh3 47. Qd3+ Kg7 48. Qd6 Nf4 49. Ke3 Qxh2 50. Qd2 Ng2+ 51. Ke4
Qh4+ 52. Kd3 Nf4+ 53. Kc2 Nh3 54. Qd4+ Qxd4 55. cxd4 Nf4 56. b4 axb3+ 57. Kxb3
h5 58. a4 h4 59. a5 h3 60. a6 h2 61. a7 h1=Q 62. a8=Q Qb1+ 63. Kc4 Qc2+ 64. Kb5
Qb3+ 65. Kc5 Qc3+ 66. Kd6 Qxd4+ 67. Ke7 Qe5+ 68. Kd7 Qe6+ 69. Kd8 Nd5 70. Qa1+
Kg6 71. Qb1+ Kg7 72. Qb2+ Qf6+ 73. Qxf6+ Kxf6 74. Kd7 Kf5 75. Kd6 Kf4 76. Kxd5
Kxf3 77. Ke5 g4 78. Kf6 g3 79. Kxf7 g2 80. Ke6 g1=Q 81. Ke7 Qd1 82. Ke6 Qd4 83.
Ke7 Qd5 84. Ke8 Qb7 85. Kd8 Kf4 86. Ke8 Ke5 87. Kd8 Ke6 88. Ke8 Qb8# 0-1

[Event "Junior Online 4NCL Division 4"]
[Site "online"]
[Date "2020.08.20"]
[Round "1.65"]
[White "Li, Sophia"]
[Black "Kumar, Soham"]
[Result "0-1"]
[WhiteElo "1270"]
[BlackElo "1802"]
[PlyCount "54"]
[EventDate "2020.08.20"]
[WhiteTeam "Wimbledon Juniors"]
[BlackTeam "Maidenhead Juniors 1"]

1. e4 c5 2. Nc3 g6 3. f4 e6 4. Nf3 Nc6 5. Bb5 Nge7 6. O-O Bg7 7. Bxc6 dxc6 8.
d3 O-O 9. Qe1 b5 10. Qh4 a5 11. f5 exf5 12. Bh6 fxe4 13. Ng5 Nf5 14. Bxg7 Nxh4
15. Bxf8 Qxg5 16. g3 Nf3+ 17. Kh1 Qh5 18. Rf2 e3 19. Rg2 Bh3 20. Re2 Rxf8 21.
Ne4 f5 22. Nd6 Nd4 23. Rxe3 Nxc2 24. Rae1 Nxe3 25. Rxe3 Qd1+ 26. Re1 Qf3+ 27.
Kg1 Qg2# 0-1

[Event "Junior Online 4NCL Division 4"]
[Site "online"]
[Date "2020.08.20"]
[Round "1.66"]
[White "Nallaperumal, Kasi Veshagan"]
[Black "Shan-Muhammad, Rohan"]
[Result "1-0"]
[WhiteElo "1397"]
[BlackElo "1075"]
[PlyCount "55"]
[EventDate "2020.08.20"]
[WhiteTeam "Maidenhead Juniors 1"]
[BlackTeam "Wimbledon Juniors"]

1. d4 d5 2. Bf4 Nc6 3. e3 Nf6 4. Nc3 Bf5 5. Nb5 e5 6. dxe5 Nh5 7. Qxh5 Bb4+ 8.
c3 Ba5 9. b4 Bb6 10. Qxf5 O-O 11. Bd3 g6 12. Qg4 f5 13. exf6 Rxf6 14. Bg5 Ne5
15. Bxf6 Qxf6 16. Qe2 Nf3+ 17. Nxf3 Qxc3+ 18. Nxc3 a5 19. b5 Bc5 20. O-O Bb4
21. Nxd5 Bd6 22. Ng5 h6 23. Ne6 Rc8 24. Bxg6 Kh8 25. Qh5 Kg8 26. Qxh6 Bxh2+ 27.
Kxh2 Rd8 28. Qg7# 1-0

[Event "Junior Online 4NCL Division 4"]
[Site "online"]
[Date "2020.08.20"]
[Round "1.67"]
[White "Doorduin, Lara"]
[Black "Maheshwaran, Arya"]
[Result "0-1"]
[WhiteElo "1075"]
[BlackElo "1300"]
[PlyCount "58"]
[EventDate "2020.08.20"]
[WhiteTeam "Wimbledon Juniors"]
[BlackTeam "Maidenhead Juniors 1"]

1. e4 c5 2. Nf3 Nc6 3. d4 cxd4 4. Nxd4 Nxd4 5. Qxd4 d6 6. Nc3 e5 7. Qd5 Nf6 8.
Qd3 Bd7 9. Be2 Be7 10. O-O a6 11. Bd2 Bc6 12. Rad1 d5 13. exd5 Nxd5 14. Nxd5
Bxd5 15. Qe3 Bd6 16. Qg3 g6 17. Qh3 Be6 18. Qh6 Bf8 19. Qe3 Qd4 20. Qxd4 exd4
21. Rfe1 Be7 22. Bh6 Rd8 23. Bf4 O-O 24. c3 dxc3 25. bxc3 Rxd1 26. Rxd1 Bxa2
27. Rd3 Bc4 28. Rd7 Bxe2 29. Rxb7 Rd8 0-1

[Event "Junior Online 4NCL Division 4"]
[Site "online"]
[Date "2020.08.20"]
[Round "1.68"]
[White "Chen, William"]
[Black "Kou, Victor"]
[Result "1-0"]
[WhiteElo "1270"]
[BlackElo "925"]
[PlyCount "23"]
[EventDate "2020.08.20"]
[WhiteTeam "Maidenhead Juniors 1"]
[BlackTeam "Wimbledon Juniors"]

1. e4 c5 2. Nf3 Nc6 3. d4 cxd4 4. Nxd4 Nxd4 5. Qxd4 Nf6 6. Nc3 d6 7. Bg5 e5 8.
Qd1 g6 9. Nd5 Qa5+ 10. c3 Nxe4 11. Bb5+ Qxb5 12. Nc7+ 1-0

[Event "Junior Online 4NCL Division 4"]
[Site "online"]
[Date "2020.08.20"]
[Round "1.71"]
[White "Toth, Nandor"]
[Black "Patel, Zain"]
[Result "0-1"]
[WhiteElo "1172"]
[BlackElo "1540"]
[PlyCount "110"]
[EventDate "2020.08.20"]
[WhiteTeam "St James Primary"]
[BlackTeam "KCJS 2"]

1. e4 c5 2. Nf3 d6 3. c3 Nf6 4. e5 dxe5 5. Nxe5 Nc6 6. Nxc6 bxc6 7. Bc4 e6 8.
d4 cxd4 9. cxd4 Bd6 10. O-O O-O 11. Nc3 Bb7 12. Bg5 h6 13. Bh4 Rc8 14. Qf3 g5
15. Bg3 Bxg3 16. Qxg3 Qxd4 17. Bd3 Nh5 18. Qh3 Nf4 19. Qxh6 Nxd3 20. Qxg5+ Qg7
21. Qxg7+ Kxg7 22. Rab1 Rcd8 23. Rfd1 Rh8 24. h3 c5 25. Kf1 Nf4 26. Rxd8 Bxg2+
27. Ke1 Rxd8 28. Ne2 Nd3+ 29. Kd2 Nxf2+ 30. Ke3 Nxh3 31. Nf4 Nxf4 32. Kxf4 Bd5
33. Rg1+ Kf6 34. Rg5 Rh8 35. Rg1 Rh4+ 36. Kg3 Rb4 37. b3 Bxb3 38. axb3 Rxb3+
39. Kf2 Rb2+ 40. Kf3 a5 41. Ra1 Rb5 42. Ke4 Rb4+ 43. Kd3 a4 44. Kc3 Ke5 45.
Re1+ Re4 46. Ra1 f5 47. Kd3 c4+ 48. Kc3 f4 49. Rxa4 Re3+ 50. Kd2 c3+ 51. Kd1 f3
52. Ra2 Kd4 53. Ra4+ Kd3 54. Ra2 e5 55. Kc1 Re1# 0-1

[Event "Junior Online 4NCL Division 4"]
[Site "online"]
[Date "2020.08.20"]
[Round "1.72"]
[White "Singh, Hari"]
[Black "Crichton, Finlay"]
[Result "1-0"]
[WhiteElo "1495"]
[BlackElo "1105"]
[PlyCount "57"]
[EventDate "2020.08.20"]
[WhiteTeam "KCJS 2"]
[BlackTeam "St James Primary"]

1. d4 d5 2. e3 Nc6 3. Bd3 Nf6 4. Nd2 e5 5. c3 Be6 6. dxe5 Nxe5 7. Bb5+ Bd7 8.
Bxd7+ Nfxd7 9. Qb3 Nd3+ 10. Ke2 Nxc1+ 11. Rxc1 Nb6 12. Ngf3 Bc5 13. Qb5+ Nd7
14. Qxb7 Nb6 15. Qc6+ Nd7 16. Qxd5 Bb6 17. Ne5 Nxe5 18. Qxe5+ Qe7 19. Qxg7
O-O-O 20. Rcd1 Rhe8 21. Qg4+ Kb8 22. Qf3 Rd6 23. Nc4 Rxd1 24. Rxd1 Bc5 25. Na5
Qe4 26. Qxe4 c6 27. Qxe8+ Kc7 28. Qxc6+ Kb8 29. Qb7# 1-0

[Event "Junior Online 4NCL Division 4"]
[Site "online"]
[Date "2020.08.20"]
[Round "1.73"]
[White "Harle Smith, Joseph"]
[Black "Gupta, Aarav G"]
[Result "0-1"]
[WhiteElo "1030"]
[BlackElo "1450"]
[PlyCount "60"]
[EventDate "2020.08.20"]
[WhiteTeam "St James Primary"]
[BlackTeam "KCJS 2"]

1. e4 e5 2. Nf3 Nc6 3. Bc4 Bc5 4. Nc3 Nf6 5. O-O O-O 6. d3 h6 7. Nd5 d6 8.
Nxf6+ Qxf6 9. Bd5 Nb4 10. a3 Nxd5 11. exd5 Bg4 12. b4 Bd4 13. h3 Bxf3 14. gxf3
Bxa1 15. Kh1 Bd4 16. Be3 Bb6 17. c3 a5 18. bxa5 Bxa5 19. d4 Bxc3 20. f4 exf4
21. Bc1 Bxd4 22. Rg1 Bxf2 23. Rg2 Bg3 24. Qf3 Be1 25. Be3 Rxa3 26. Rg4 Rxe3 27.
Rxf4 Rxf3 28. Rxf3 Qxf3+ 29. Kg1 Qg3+ 30. Kf1 Qf2# 0-1

[Event "Junior Online 4NCL Division 4"]
[Site "online"]
[Date "2020.08.20"]
[Round "1.74"]
[White "Ali, Shahyan"]
[Black "James, Arjun"]
[Result "1-0"]
[WhiteElo "1397"]
[BlackElo "962"]
[PlyCount "101"]
[EventDate "2020.08.20"]
[WhiteTeam "KCJS 2"]
[BlackTeam "St James Primary"]

1. e4 e5 2. Bc4 Nc6 3. d3 Nf6 4. Bg5 Bc5 5. Nc3 O-O 6. Nd5 Be7 7. Nxf6+ Bxf6 8.
Bxf6 Qxf6 9. Qf3 Nd4 10. Qxf6 gxf6 11. Bb3 Nxb3 12. axb3 d6 13. Nf3 Bg4 14. Nh4
Kg7 15. h3 Bd7 16. O-O Rae8 17. Rxa7 Rb8 18. f3 Kh6 19. g4 Kg5 20. Ng2 Ra8 21.
Rxb7 Rfc8 22. Rb4 Ra7 23. h4+ Kg6 24. Ne3 c5 25. Rc4 Bb5 26. Rc3 Ra2 27. Rb1
Bd7 28. Nd5 Be6 29. Ne7+ Kg7 30. Nxc8 Ra8 31. Nxd6 Rd8 32. Nb7 Rb8 33. Nxc5 Rc8
34. Nxe6+ fxe6 35. Rxc8 f5 36. exf5 exf5 37. gxf5 e4 38. fxe4 h6 39. h5 Kf6 40.
Rg8 Ke5 41. b4 Kf4 42. b5 Ke3 43. b6 Ke2 44. b7 Kd2 45. Rg2+ Ke3 46. b8=Q Kf3
47. Rg8 Ke2 48. Kh2 Kd2 49. Rg2+ Ke3 50. Qb6+ Kf3 51. Qf2# 1-0

[Event "Junior Online 4NCL Division 4"]
[Site "online"]
[Date "2020.08.20"]
[Round "1.75"]
[White "Patel, Zain"]
[Black "Toth, Nandor"]
[Result "1-0"]
[WhiteElo "1540"]
[BlackElo "1172"]
[PlyCount "59"]
[EventDate "2020.08.20"]
[WhiteTeam "KCJS 2"]
[BlackTeam "St James Primary"]

1. e4 e5 2. Nf3 Nc6 3. Bc4 Bc5 4. b4 Bxb4 5. c3 Bc5 6. d4 exd4 7. cxd4 Bb4+ 8.
Kf1 Nge7 9. Qb3 O-O 10. d5 Na5 11. Qxb4 Nxc4 12. Qxc4 d6 13. Nc3 a6 14. Bg5 h6
15. Bh4 b5 16. Qd3 b4 17. Ne2 Bd7 18. Kg1 g5 19. Bxg5 hxg5 20. Nxg5 Ng6 21. h4
Nxh4 22. Rxh4 Qxg5 23. Rh1 Bb5 24. Qh3 Qg7 25. Re1 Rfe8 26. Ng3 c6 27. Nf5 Qf6
28. Qh7+ Kf8 29. Qh8+ Qxh8 30. Rxh8# 1-0

[Event "Junior Online 4NCL Division 4"]
[Site "online"]
[Date "2020.08.20"]
[Round "1.76"]
[White "Crichton, Finlay"]
[Black "Singh, Hari"]
[Result "0-1"]
[WhiteElo "1105"]
[BlackElo "1495"]
[PlyCount "80"]
[EventDate "2020.08.20"]
[WhiteTeam "St James Primary"]
[BlackTeam "KCJS 2"]

1. e4 c5 2. Nf3 d6 3. Nc3 Nf6 4. Bc4 g6 5. O-O Bg7 6. b3 O-O 7. Bb2 Bd7 8. Nd5
Nxd5 9. Bxg7 Kxg7 10. Bxd5 Bc6 11. Bxc6 Nxc6 12. Qb1 Qa5 13. Qb2+ Kg8 14. d4
cxd4 15. Nxd4 Qe5 16. Rfd1 Qxe4 17. Nxc6 Qxc6 18. h3 Rac8 19. c4 b5 20. cxb5
Qxb5 21. a4 Qc5 22. b4 Qc3 23. Qxc3 Rxc3 24. Rdb1 Rb8 25. b5 Rc7 26. a5 Rcb7
27. b6 axb6 28. a6 Ra7 29. Kf1 b5 30. Ke2 Rb6 31. Kd3 Raxa6 32. Rxa6 Rxa6 33.
Rxb5 Ra2 34. Ke3 Kg7 35. Rb7 Kf6 36. Rb6 Ra3+ 37. Kd4 Ke6 38. Ke4 f5+ 39. Kf4
Kf6 40. h4 e5# 0-1

[Event "Junior Online 4NCL Division 4"]
[Site "online"]
[Date "2020.08.20"]
[Round "1.77"]
[White "Gupta, Aarav G"]
[Black "Harle Smith, Joseph"]
[Result "0-1"]
[WhiteElo "1450"]
[BlackElo "1030"]
[PlyCount "92"]
[EventDate "2020.08.20"]
[WhiteTeam "KCJS 2"]
[BlackTeam "St James Primary"]

1. e4 e5 2. Nf3 Nc6 3. Bc4 Bc5 4. O-O Nf6 5. Nc3 d6 6. h3 Nd4 7. d3 Nxf3+ 8.
Qxf3 O-O 9. Bg5 Bd4 10. Bxf6 gxf6 11. Nd5 Bxb2 12. Rab1 Bd4 13. Nxf6+ Kh8 14.
Nh5 Be6 15. Qf6+ Qxf6 16. Nxf6 Bc8 17. Kh2 a6 18. f4 c6 19. fxe5 Bxe5+ 20. Kh1
Bxf6 21. Rxf6 b5 22. Bb3 Kg7 23. Rbf1 Be6 24. Bxe6 fxe6 25. Rxf8 Rxf8 26. Rf3
Rxf3 27. gxf3 d5 28. e5 c5 29. Kg2 Kg6 30. Kg3 Kf5 31. f4 c4 32. Kf3 d4 33. h4
cxd3 34. cxd3 h5 35. Kg3 a5 36. Kf3 a4 37. Ke2 b4 38. Kd2 b3 39. axb3 axb3 40.
Kc1 Kxf4 41. Kb2 Ke3 42. Kxb3 Kxd3 43. Kb4 Kd2 44. Kc5 d3 45. Kd6 Ke2 46. Kxe6
d2 0-1

[Event "Junior Online 4NCL Division 4"]
[Site "online"]
[Date "2020.08.20"]
[Round "1.78"]
[White "James, Arjun"]
[Black "Ali, Shahyan"]
[Result "0-1"]
[WhiteElo "962"]
[BlackElo "1397"]
[PlyCount "122"]
[EventDate "2020.08.20"]
[WhiteTeam "St James Primary"]
[BlackTeam "KCJS 2"]

1. e4 e5 2. Nf3 Nc6 3. Bc4 Bc5 4. d3 h6 5. O-O Nf6 6. Nc3 d6 7. Qe2 Bg4 8. Be3
Bb4 9. Bd2 Nd4 10. Qe3 Nxf3+ 11. gxf3 Bh3 12. Rfe1 Bxc3 13. Bxc3 Qe7 14. Bb5+
Bd7 15. Bxd7+ Qxd7 16. f4 Qg4+ 17. Qg3 Qxg3+ 18. fxg3 exf4 19. gxf4 Nh5 20. Re2
Nxf4 21. Rf2 Nh3+ 22. Kg2 Nxf2 23. Kxf2 Rg8 24. Rg1 O-O-O 25. Rxg7 Rxg7 26.
Bxg7 h5 27. Kg3 Rg8 28. Kh4 Rxg7 29. Kxh5 Rh7+ 30. Kg5 Rxh2 31. Kf6 Rf2+ 32.
Ke7 f5 33. Ke8 fxe4 34. dxe4 Rxc2 35. e5 dxe5 36. a3 Rxb2 37. Ke7 e4 38. Ke6 e3
39. Ke5 e2 40. Ke4 e1=Q+ 41. Kd3 Qe2+ 42. Kc3 Qc2+ 43. Kd4 Rb3 44. Kd5 Qc4+ 45.
Kxc4 Rxa3 46. Kb4 Rh3 47. Ka4 c5 48. Kb5 b6 49. Ka6 c4 50. Kb5 c3 51. Kb4 c2
52. Kb5 c1=Q 53. Ka6 Qa3+ 54. Kb5 Rb3+ 55. Kc6 Qb2 56. Kd6 Qc2 57. Kd5 Rd3+ 58.
Ke4 Qe2+ 59. Kf4 Rf3+ 60. Kg4 Qg2+ 61. Kh4 Rh3# 0-1

[Event "Junior Online 4NCL Division 4"]
[Site "online"]
[Date "2020.08.20"]
[Round "1.81"]
[White "Modhura, Urbi"]
[Black "Chen, George"]
[Result "0-1"]
[WhiteElo "1622"]
[BlackElo "1157"]
[PlyCount "66"]
[EventDate "2020.08.20"]
[WhiteTeam "Temple Sutton Juniors"]
[BlackTeam "JHJ 6"]

1. e4 e6 2. d4 d5 3. Nc3 Bb4 4. exd5 exd5 5. Nf3 Nf6 6. Bd3 Bd6 7. O-O O-O 8.
Bg5 c6 9. Re1 Bg4 10. h3 Bh5 11. Nb1 Nbd7 12. Nbd2 Qc7 13. c4 h6 14. Bh4 g5 15.
c5 Bf4 16. Bg3 Bxg3 17. fxg3 Qxg3 18. Qe2 Rfe8 19. Qf1 Bxf3 20. Nxf3 Nh5 21.
Bf5 Ndf6 22. Ne5 Nf4 23. Rac1 Re7 24. Rc3 Qh4 25. g3 Ne2+ 26. Qxe2 Qxd4+ 27.
Kh1 Rd8 28. Qf3 Rxe5 29. Rxe5 Qxe5 30. Bc2 Re8 31. Kh2 Qe1 32. Qf2 Qxf2+ 33.
Kh1 Re1# 0-1

[Event "Junior Online 4NCL Division 4"]
[Site "online"]
[Date "2020.08.20"]
[Round "1.82"]
[White "Pipalia, Rishi"]
[Black "Yau, Ethan Y"]
[Result "1-0"]
[WhiteElo "1202"]
[BlackElo "1562"]
[PlyCount "63"]
[EventDate "2020.08.20"]
[WhiteTeam "JHJ 6"]
[BlackTeam "Temple Sutton Juniors"]

1. e4 e5 2. Bc4 Nf6 3. Nf3 Bc5 4. Nxe5 Qe7 5. Nf3 Qxe4+ 6. Be2 d6 7. Nc3 Qe6 8.
O-O O-O 9. d4 Bb6 10. Bd3 Nc6 11. Re1 Qd7 12. Qe2 Re8 13. Qd2 Nxd4 14. Rxe8+
Qxe8 15. Nxd4 Bxd4 16. h3 Qe5 17. Kf1 Bd7 18. f4 Qh5 19. Bxh7+ Kxh7 20. Qxd4 b6
21. Ne4 Bb5+ 22. c4 Nxe4 23. Qxe4+ Kg8 24. Qxa8+ Kh7 25. cxb5 Qd1+ 26. Kf2 Qc2+
27. Kg3 Qg6+ 28. Kh2 Qf5 29. Qxa7 Qxb5 30. Qxc7 f6 31. Qxd6 Qb4 32. Qxb4 1-0

[Event "Junior Online 4NCL Division 4"]
[Site "online"]
[Date "2020.08.20"]
[Round "1.83"]
[White "Audhora, Purba"]
[Black "Pipalia, Ayush"]
[Result "1-0"]
[WhiteElo "1517"]
[BlackElo "1127"]
[PlyCount "91"]
[EventDate "2020.08.20"]
[WhiteTeam "Temple Sutton Juniors"]
[BlackTeam "JHJ 6"]

1. e4 e5 2. Nf3 Nc6 3. Bc4 h6 4. c3 Nf6 5. d4 exd4 6. cxd4 Nxe4 7. O-O Nf6 8.
Re1+ Be7 9. Qe2 O-O 10. Nc3 d5 11. Bb3 Bb4 12. a3 Bxc3 13. bxc3 Bg4 14. Qd3
Bxf3 15. Qxf3 Re8 16. Bf4 a6 17. Rxe8+ Qxe8 18. Bxc7 Qe7 19. Bf4 Re8 20. h3 Na5
21. Bxd5 Nxd5 22. Qxd5 Nc6 23. Be3 Qc7 24. Qb3 Rb8 25. g3 Re8 26. Rb1 Rb8 27.
Bf4 Qc8 28. Bxb8 Qxb8 29. Qxb7 Qxb7 30. Rxb7 Na5 31. Ra7 Nc4 32. Rxa6 Nd2 33.
Kg2 Nb1 34. Kf3 Nxc3 35. Ra5 Nd1 36. d5 Nc3 37. d6 Nd5 38. d7 Nb6 39. d8=Q+ Kh7
40. Qd3+ g6 41. Ra7 Kg7 42. Qd4+ Kg8 43. Qxb6 Kg7 44. Qc7 Kh7 45. Qxf7+ Kh8 46.
Ra8# 1-0

[Event "Junior Online 4NCL Division 4"]
[Site "online"]
[Date "2020.08.20"]
[Round "1.84"]
[White "Wang, Luoke"]
[Black "Yau, Max Y"]
[Result "0-1"]
[WhiteElo "1075"]
[BlackElo "1277"]
[PlyCount "42"]
[EventDate "2020.08.20"]
[WhiteTeam "JHJ 6"]
[BlackTeam "Temple Sutton Juniors"]

1. e4 c5 2. Nf3 d6 3. d4 cxd4 4. Nxd4 Nf6 5. Nc3 g6 6. Nf3 Bg7 7. Bc4 O-O 8.
O-O Nbd7 9. Be3 Ng4 10. Bd2 Nge5 11. Bb3 Nxf3+ 12. Qxf3 Ne5 13. Qe2 Bd7 14. Bd5
Bc6 15. Bf4 Bxd5 16. exd5 Rc8 17. b3 Rxc3 18. Bxe5 Bxe5 19. g3 Qc7 20. Rfc1 Rc8
21. f4 Bf6 0-1

[Event "Junior Online 4NCL Division 4"]
[Site "online"]
[Date "2020.08.20"]
[Round "1.86"]
[White "Yau, Ethan Y"]
[Black "Pipalia, Rishi"]
[Result "1-0"]
[WhiteElo "1562"]
[BlackElo "1202"]
[PlyCount "35"]
[EventDate "2020.08.20"]
[WhiteTeam "Temple Sutton Juniors"]
[BlackTeam "JHJ 6"]

1. e4 e5 2. Nf3 Nf6 3. Nc3 Nc6 4. Bc4 Bc5 5. d3 d6 6. h3 Be6 7. Bb3 O-O 8. Bg5
h6 9. Bh4 g5 10. Bg3 Nd4 11. Nxd4 exd4 12. Ne2 d5 13. e5 Nh5 14. Bh2 f6 15. c3
fxe5 16. cxd4 Bxd4 17. Nxd4 exd4 18. Qxh5 1-0

[Event "Junior Online 4NCL Division 4"]
[Site "online"]
[Date "2020.08.20"]
[Round "1.87"]
[White "Pipalia, Ayush"]
[Black "Audhora, Purba"]
[Result "0-1"]
[WhiteElo "1127"]
[BlackElo "1517"]
[PlyCount "52"]
[EventDate "2020.08.20"]
[WhiteTeam "JHJ 6"]
[BlackTeam "Temple Sutton Juniors"]

1. d4 Nf6 2. Bf4 d5 3. Nc3 e6 4. Nf3 Be7 5. e3 O-O 6. Bd3 c5 7. b3 Nc6 8. O-O
h6 9. Be2 cxd4 10. exd4 Bd6 11. Bxd6 Qxd6 12. Nb5 Qe7 13. Nc3 a6 14. Na4 e5 15.
dxe5 Nxe5 16. Nxe5 Qxe5 17. Bd3 Be6 18. Rb1 Rad8 19. Nb2 Qg5 20. Qe2 Rfe8 21.
Qd1 Bh3 22. Qf3 Bg4 23. Qg3 Nh5 24. Qc7 Nf4 25. g3 Nh3+ 26. Kh1 Bf3# 0-1

[Event "Junior Online 4NCL Division 4"]
[Site "online"]
[Date "2020.08.20"]
[Round "1.88"]
[White "Yau, Max Y"]
[Black "Wang, Luoke"]
[Result "1-0"]
[WhiteElo "1277"]
[BlackElo "1075"]
[PlyCount "65"]
[EventDate "2020.08.20"]
[WhiteTeam "Temple Sutton Juniors"]
[BlackTeam "JHJ 6"]

1. d4 d5 2. c4 c6 3. Nc3 Nf6 4. Bf4 Bf5 5. e3 Nbd7 6. Nf3 Qb6 7. b3 e6 8. c5
Qb4 9. Qd2 Ne4 10. Nxe4 Qxd2+ 11. Nexd2 Be7 12. h3 O-O 13. g4 Bg6 14. Ne5 Nxe5
15. Bxe5 b6 16. b4 bxc5 17. bxc5 Bd8 18. Bd6 Re8 19. Nb3 a5 20. a4 Bc2 21. Nc1
Ra7 22. Bd3 Bxd3 23. Nxd3 Rb7 24. O-O Bh4 25. Ne5 f6 26. Nxc6 Rc8 27. Ne7+ Rxe7
28. Bxe7 Kf7 29. Bd6 f5 30. f4 fxg4 31. hxg4 g6 32. g5 Ke8 33. Kh2 1-0

[Event "Junior Online 4NCL Division 4"]
[Site "online"]
[Date "2020.08.20"]
[Round "1.91"]
[White "Dudhia, Vansh"]
[Black "Catabay, Mae Katelyn Rose"]
[Result "0-1"]
[WhiteElo "1052"]
[BlackElo "1600"]
[PlyCount "60"]
[EventDate "2020.08.20"]
[WhiteTeam "Barnet Knights E"]
[BlackTeam "Colchester Juniors A"]

1. e4 e5 2. Nf3 Nf6 3. Bc4 Nc6 4. Nc3 Bc5 5. O-O O-O 6. d3 d6 7. Bb3 Be6 8.
Bxe6 fxe6 9. Be3 Bb6 10. Bxb6 axb6 11. Nb5 d5 12. exd5 exd5 13. Qd2 e4 14. d4
exf3 15. gxf3 Nh5 16. Rae1 Rxf3 17. Kh1 Qh4 18. Re3 Ng3+ 19. fxg3 Rxf1+ 20. Kg2
Raf8 21. h3 R8f2+ 22. Qxf2 Rxf2+ 23. Kxf2 Qxh3 24. Nc3 Nxd4 25. Nxd5 Qh2+ 26.
Kf1 Nxc2 27. Rf3 g6 28. Ne7+ Kg7 29. Nd5 Qd2 30. Ne3 Nxe3+ 0-1

[Event "Junior Online 4NCL Division 4"]
[Site "online"]
[Date "2020.08.20"]
[Round "1.92"]
[White "Popovici, Rees"]
[Black "Wang, Bintong"]
[Result "1-0"]
[WhiteElo "1595"]
[BlackElo "1052"]
[PlyCount "89"]
[EventDate "2020.08.20"]
[WhiteTeam "Colchester Juniors A"]
[BlackTeam "Barnet Knights E"]

1. e4 e5 2. d4 Nc6 3. d5 Nd4 4. f4 exf4 5. Qxd4 Qh4+ 6. Qf2 Qxf2+ 7. Kxf2 Bc5+
8. Ke1 Nf6 9. Nc3 g5 10. Nf3 h6 11. Bc4 O-O 12. h4 g4 13. Ne5 d6 14. Nd3 Nh5
15. Nxf4 Nxf4 16. Bxf4 h5 17. e5 dxe5 18. Bxe5 Re8 19. Kd2 Rxe5 20. Rhf1 Rf5
21. Rxf5 Bxf5 22. Rf1 Bg6 23. Na4 b6 24. Nxc5 bxc5 25. b3 Kf8 26. a4 a5 27. g3
Re8 28. c3 Ra8 29. Rf6 Ke7 30. Rc6 Kd7 31. Rxc5 Kd6 32. Rc6+ Kd7 33. Bb5 Ke7
34. Ke3 Kf8 35. Rxc7 Kg7 36. d6 Rd8 37. d7 Bf5 38. Kf4 Be6 39. Kg5 f5 40. Kxh5
Kh7 41. Kg5 Rg8+ 42. Kf6 Bxd7 43. Bxd7 Rg7 44. Bxf5+ Kh6 45. Rxg7 1-0

[Event "Junior Online 4NCL Division 4"]
[Site "online"]
[Date "2020.08.20"]
[Round "1.93"]
[White "O'Donnell, Arthur"]
[Black "Gogia, Pranay"]
[Result "1-0"]
[WhiteElo "1030"]
[BlackElo "1501"]
[PlyCount "67"]
[EventDate "2020.08.20"]
[WhiteTeam "Barnet Knights E"]
[BlackTeam "Colchester Juniors A"]

1. e4 e6 2. d4 d5 3. Nc3 c5 4. dxc5 Bxc5 5. exd5 exd5 6. Qxd5 Qxd5 7. Nxd5 Na6
8. Bxa6 bxa6 9. Nc7+ Kd7 10. Nxa8 Nf6 11. Bf4 Bd6 12. Bxd6 Kxd6 13. O-O-O+ Kc6
14. Nf3 Bb7 15. Ne5+ Kc5 16. Nc7 Bxg2 17. Rhg1 Bc6 18. Nxc6 Kxc6 19. Nxa6 Kb5
20. Nc7+ Kc6 21. Rxg7 Rf8 22. Na6 h6 23. Nb4+ Kb5 24. Nd5 Nxd5 25. Rxd5+ Kc4
26. Rd6 h5 27. Rh6 Re8 28. b3+ Kc3 29. Rc6+ Kb4 30. Kb2 a5 31. a3+ Kb5 32. Rc4
Re2 33. a4+ Kb6 34. Rxf7 1-0